Statistiken für Top 15 Länder mit Covid-19-Todesfällen - 26. Mai

Klicken Sie hier um das Quiz zu spielen!

Allgemein

  • Dieses Quiz wurde 7 mal gespielt
  • Das Durchschnittsergebnis liegt bei 18 aus 21

Antwortstatistiken

Land% Korrekt
Brasilien
100%
China
100%
Deutschland
100%
Italien
100%
Kanada
100%
Peru
100%
Spanien
100%
Vereinigtes Königreich
100%
Vereinigte Staaten
100%
Belgien
86%
Frankreich
86%
Indien
86%
Iran
86%
Mexiko
86%
Niederlande
86%
Irland
71%
Portugal
71%
Schweden
71%
Türkei
71%
Ecuador
57%
Schweiz
57%

Verteilung der Resultate

Perzentil nach korrekt beantworteten Fragen

Anzahl Personen mit jedem Resultat

Ihre Resultats-Entwicklung

Sie haben dieses Quiz noch nicht gespielt